Top 20 Premier League Goal Scoring Seasons in the 2000's - Statistics

General Stats
  • This quiz has been taken 23 times
  • The average score is 17 of 21
Answer Stats
Hint Answer % Correct
36* (2022-23) Erling Haaland
95%
27* (2023-24) Erling Haaland
95%
32* (2017-18) Mohamed Salah
95%
29* (2024-25) Mohamed Salah
95%
31 (2007-08) Cristiano Ronaldo
90%
30 (2011-12) Robin Van Persie
85%
26 (2012-13) Robin Van Persie
85%
27 (2011-12) Wayne Rooney
85%
26 (2009-10) Wayne Rooney
85%
30 (2022-23) Harry Kane
80%
30 (2017-18) Harry Kane
80%
29 (2016-17) Harry Kane
80%
25 (2015-16) Harry Kane
80%
31 (2013-14) Luis Suarez
80%
30 (2003-04) Thierry Henry
80%
27 (2005-06) Thierry Henry
80%
25 (2004-2005) Thierry Henry
80%
26 (2014-15) Sergio Aguero
75%
25 (2002-03) Ruud van Nistelrooy
70%
29 (2009-10) Didier Drogba
60%
25 (2015-16) Romelu Lukaku
25%
No matching quizzes found
Score Distribution
Percent of People with Each Score
Percentile by Number Answered
Your Score History
You have not taken this quiz